[Event "USCL Seattle vs Philadelphia"]
[Site "Chess.com"]
[Date "2013.09.18"]
[Round "4"]
[White "Anka, Emil"]
[Black "Bartell, Tom"]
[Result "0-1"]
[WhiteElo "2497"]
[BlackElo "2496"]
[PlyCount "70"]
[EventDate "2013.??.??"]
[EventCountry "USA"]

{Board 1, GM Anka (Seattle Sluggers) vs. FM Bartell (Philadelphia Inventors) 
Time Control: Game in 60 with 30 second increment  Game of the Week (4).} 1. d4
Nf6 2. c4 g6 3. Nc3 Bg7 4. e4 d6 5. Nf3 O-O 6. h3 e5 7. d5 Nh5 8. Nh2 Qe8 9.
Be2 Nf4 10. Bf3 f5 11. Be3 Na6 12. a3 h5 13. h4 Qe7 14. Qc2 c6 15. dxc6 bxc6
16. O-O-O Bd7 17. Qd2 Rf6 18. exf5 Bxf5 19. Ne4 Re6 20. Bxf4 exf4 21. Nxd6
Bxb2+ 22. Kxb2 Rd8 23. Qa5 Qf6+ 24. Ka2 Rb8 25. Nb5 cxb5 26. Bd5 bxc4 27. Rd2
Kg7 28. Bxe6 Bxe6 29. Re2 c3+ 30. Ka1 c2+ 31. Qe5 Bf5 32. Qxf6+ Kxf6 33. Ree1
Nc5 34. Nf3 Nd3 35. Ref1 Rb3 0-1

[Event "USCL Seattle vs Philadelphia"]
[Site "Chess.com"]
[Date "2013.09.18"]
[Round "4"]
[White "Gorman, Dov"]
[Black "Collyer, Curt"]
[Result "1/2-1/2"]
[WhiteElo "2362"]
[BlackElo "2266"]
[PlyCount "229"]
[EventDate "2013.??.??"]
[EventCountry "USA"]

{Board 2, FM Gorman (Philadelphia Inventors) vs. FM Collyer (Seattle Sluggers)
Time Control: Game in 60 with 30 second increment} 1. e4 b6 2. d4 Bb7 3. Nc3 e6
4. a3 g6 5. Nf3 Bg7 6. Bg5 Ne7 7. Qd2 h6 8. Be3 d6 9. O-O-O a6 10. h4 Nd7 11.
g3 Nf6 12. Bd3 Ng4 13. h5 Nxe3 14. Qxe3 g5 15. d5 Qd7 16. Nd4 c5 17. dxc6 Nxc6
18. Nxc6 Qxc6 19. Nd5 b5 20. f4 gxf4 21. gxf4 Kf8 22. Rhg1 Qc5 23. Qxc5 dxc5
24. Nb6 Bd4 25. Nxa8 Be3+ 26. Kb1 Bxg1 27. Rxg1 Bxa8 28. c3 Rg8 29. Rxg8+ Kxg8
30. a4 Bc6 31. a5 f6 32. Kc1 e5 33. Kd2 exf4 34. Ke2 Be8 35. Kf3 Bxh5+ 36. Kxf4
c4 37. Bf1 Kf7 38. Bh3 Ke7 39. Bc8 Kd6 40. Bxa6 Kc6 41. Bc8 Be2 42. a6 Kb6 43.
Kf5 Bf3 44. Bb7 h5 45. Kxf6 h4 46. e5 Bxb7 47. axb7 Kxb7 48. e6 h3 49. e7 h2
50. e8=Q h1=Q 51. Qxb5+ Ka7 52. Qc5+ Ka8 53. Qxc4 Qh8+ 54. Ke7 Qh7+ 55. Kd6
Qh2+ 56. Kc6 Qh6+ 57. Kb5 Kb7 58. Qd5+ Kb8 59. Qd8+ Kb7 60. Qd7+ Kb8 61. c4 Qc1
62. b4 Qc3 63. Qd6+ Ka8 64. c5 Qe1 65. Qd5+ Ka7 66. c6 Qe2+ 67. Qc4 Qe8 68.
Qd4+ Ka8 69. Qa1+ Kb8 70. Qd4 Ka8 71. Kb6 Qb8+ 72. Ka5 Qc7+ 73. Kb5 Qb8+ 74.
Qb6 Qe5+ 75. Qc5 Qc7 76. Ka4 Kb8 77. b5 Qf4+ 78. Ka5 Qd2+ 79. Kb6 Qf4 80. Ka5
Qd2+ 81. Qb4 Qa2+ 82. Qa4 Qd2+ 83. Qb4 Qa2+ 84. Qa4 Qd2+ 85. Ka6 Qf2 86. c7+
Kxc7 87. Qc4+ Kb8 88. Qg8+ Kc7 89. Qg7+ Kd8 90. Qh8+ Kd7 91. Qh7+ Kd8 92. Qd3+
Kc8 93. Qc4+ Kb8 94. b6 Qg3 95. Kb5 Qe5+ 96. Ka4 Qa1+ 97. Kb4 Qb2+ 98. Ka5 Qa1+
99. Kb5 Qe5+ 100. Kc6 Qf6+ 101. Kc5 Qe5+ 102. Qd5 Qxd5+ 103. Kxd5 Kb7 104. Kc5
Kb8 105. Kc6 Kc8 106. Kb5 Kb7 107. Kc5 Kb8 108. Kc6 Kc8 109. Kd6 Kb7 110. Kc5
Kb8 111. Kb5 Kb7 112. Ka5 Kb8 113. Ka6 Ka8 114. b7+ Kb8 115. Kb6 1/2-1/2

[Event "USCL Seattle vs Philadelphia"]
[Site "Chess.com"]
[Date "2013.09.18"]
[Round "4"]
[White "Sinanan, Joshua"]
[Black "Minear, Peter"]
[Result "0-1"]
[WhiteElo "2246"]
[BlackElo "2385"]
[PlyCount "78"]
[EventDate "2013.??.??"]
[EventCountry "USA"]

{Board 3, NM Sinanan (Seattle Sluggers) vs. NM Minear (Philadelphia Inventors)
Time Control: Game in 60 with 30 second increment} 1. d4 Nf6 2. c4 g6 3. Nc3
Bg7 4. e4 d6 5. Nge2 O-O 6. Ng3 e5 7. d5 h5 8. Bg5 Qe8 9. h4 Na6 10. Be2 Bd7
11. Qd2 c6 12. O-O-O cxd5 13. Nxd5 Nxd5 14. Qxd5 Be6 15. Qa5 Qc6 16. b3 Nc5 17.
f3 Rfc8 18. Kb1 a6 19. Be7 b5 20. Rc1 Qd7 21. Bg5 Rab8 22. cxb5 axb5 23. Qb4
Qa7 24. Be3 Ra8 25. Rc2 f5 26. exf5 gxf5 27. Nxh5 f4 28. Nxg7 Kxg7 29. Bxc5
Rxc5 30. Rd2 Bf5+ 31. Ka1 Bc2 32. a3 Qxa3+ 33. Qxa3 Rxa3+ 34. Kb2 Rxb3+ 35. Ka2
Re3 36. Rc1 b4 37. Bd1 Ra3+ 38. Kb2 Rb3+ 39. Ka2 Ra5# 0-1

[Event "USCL Seattle vs Philadelphia"]
[Site "Chess.com"]
[Date "2013.09.18"]
[Round "4"]
[White "Costigan, Richard"]
[Black "Feng, Roland"]
[Result "1/2-1/2"]
[WhiteElo "2288"]
[BlackElo "2268"]
[PlyCount "82"]
[EventDate "2013.??.??"]
[EventCountry "USA"]

{Board 4, IM Costigan (Philadelphia Inventors) vs. NM Feng (Seattle Sluggers) 
Time Control: Game in 60 with 30 second increment} 1. d4 Nf6 2. Nf3 e6 3. Bg5
Be7 4. Nbd2 d5 5. e3 O-O 6. Bd3 Nbd7 7. O-O c5 8. c3 b6 9. h3 Bb7 10. Qe2 Ne4
11. Bf4 f5 12. Bh2 Bd6 13. Bxd6 Nxd6 14. c4 Qf6 15. Rac1 Rac8 16. cxd5 Bxd5 17.
Nc4 Nf7 18. Ncd2 cxd4 19. exd4 Ng5 20. Bb5 Nxf3+ 21. Nxf3 Qe7 22. Bc4 Nf6 23.
Bxd5 Nxd5 24. Rfe1 Rxc1 25. Rxc1 h6 26. Rc6 Rf6 27. Qe5 Qe8 28. Qd6 Kh7 29. Ne5
a5 30. a3 f4 31. Qd7 Qh5 32. Rxe6 Rxe6 33. Qxe6 Qd1+ 34. Kh2 Qxd4 35. Qg6+ Kg8
36. Qe8+ Kh7 37. Nd7 Qxf2 38. Qe4+ Kh8 39. Qxd5 Qg3+ 40. Kg1 Qe1+ 41. Kh2 Qg3+
1/2-1/2

[Event "USCL New Jersey vs Los Angeles"]
[Site "Chess.com"]
[Date "2013.09.18"]
[Round "4"]
[White "Stripunsky, Alex"]
[Black "Khachiyan, Melikset"]
[Result "1-0"]
[WhiteElo "2651"]
[BlackElo "2602"]
[PlyCount "103"]
[EventDate "2013.??.??"]
[EventCountry "USA"]

{Board 1, GM Stripunsky (New Jersey Knockouts) vs. GM Khachiyan (Los Angeles
Vibe)  Time Control: Game in 60 with 30 second increment} 1. d4 d5 2. Bf4 Nf6
3. e3 c6 4. c4 Bf5 5. Qb3 Qb6 6. Nc3 Nbd7 7. Nf3 e6 8. h3 Be7 9. c5 Qxb3 10.
axb3 O-O 11. b4 a6 12. Nd2 Rac8 13. g4 Bg6 14. f3 Rfe8 15. Kf2 h6 16. Bg3 Bd8
17. h4 e5 18. Bh3 exd4 19. exd4 Bc7 20. Bxc7 Rxc7 21. Rhe1 Nf8 22. g5 Rxe1 23.
Rxe1 hxg5 24. hxg5 Nh5 25. Ne2 Ne6 26. Bxe6 fxe6 27. Ke3 Bf5 28. Nf1 Kf7 29.
Nfg3 Nxg3 30. Nxg3 Kg6 31. Kf4 Rf7 32. Ke5 Kxg5 33. Rg1 Kh6 34. Rh1+ Kg6 35.
Rh8 Bd3 36. f4 Rf6 37. Re8 Kf7 38. Rb8 Rg6 39. Rxb7+ Kg8 40. Nh5 Be2 41. f5 Rg5
42. Nxg7 $1 {Move of the Week (4).} Rxg7 43. Rb8+ Kh7 44. fxe6 Rg4 45. e7 Re4+
46. Kd6 Bh5 47. Kxc6 Rxe7 48. Rb7 Be8+ 49. Kb6 Rxb7+ 50. Kxb7 Kg6 51. Kxa6 Kf5
52. b5 1-0

[Event "USCL New Jersey vs Los Angeles"]
[Site "Chess.com"]
[Date "2013.09.18"]
[Round "4"]
[White "Katz, Alexander"]
[Black "Remlinger, Larry"]
[Result "1-0"]
[WhiteElo "2362"]
[BlackElo "2373"]
[PlyCount "181"]
[EventDate "2013.??.??"]
[EventCountry "USA"]

{Board 3, NM Katz (New Jersey Knockouts) vs. IM Remlinger (Los Angeles Vibe) 
Time Control: Game in 60 with 30 second increment} 1. e4 e6 2. d3 c5 3. g3 Nc6
4. Nc3 g6 5. Bg2 Bg7 6. Be3 d6 7. Qd2 Rb8 8. Nge2 b5 9. O-O b4 10. Nd1 Qb6 11.
c3 Ba6 12. f4 Nge7 13. g4 f5 14. gxf5 exf5 15. Ng3 O-O 16. exf5 Nxf5 17. Nxf5
gxf5 18. Bf2 Kh8 19. Ne3 Ne7 20. Rfe1 bxc3 21. bxc3 Ng6 22. Nd5 Qd8 23. Rab1
Rxb1 24. Rxb1 Nh4 25. Bh1 Rg8 26. Bg3 Ng6 27. Bf3 Ne7 28. Re1 Nxd5 29. Bxd5 Rf8
30. c4 Bc8 31. Qe2 Bf6 32. Qh5 Bd7 33. Kg2 Be8 34. Qf3 Qa5 35. Re2 Qa3 36. Be6
Ba4 37. Bxf5 Be8 38. Be4 Qa4 39. Bd5 Qd7 40. f5 Qg7 41. Kh1 Be5 42. Bxe5 dxe5
43. Rg2 Qf6 44. Qg3 h6 45. Re2 Qxf5 46. Qxe5+ Qxe5 47. Rxe5 Bg6 48. Be4 Bxe4+
49. dxe4 Rf2 50. a4 Ra2 51. Rxc5 Rxa4 52. Kg2 Ra3 53. Rc7 Re3 54. Re7 Rc3 55.
Rxa7 Rxc4 56. Kf3 Kg8 57. Kf4 Rc2 58. h4 Rf2+ 59. Kg4 Rf6 60. e5 Rb6 61. Kf5
Rb1 62. Kg6 Kf8 63. Rf7+ Ke8 64. Rh7 Rb6+ 65. Kf5 Rc6 66. Rg7 Rc4 67. Rg4 Rc1
68. Kf6 Rf1+ 69. Ke6 Kf8 70. Ra4 Kg7 71. Rg4+ Kf8 72. Rg6 Ra1 73. h5 Ra2 74.
Kf5 Rf2+ 75. Ke4 Kf7 76. Rxh6 Re2+ 77. Kf4 Rf2+ 78. Ke3 Rh2 79. Rf6+ Ke7 80. h6
Rh4 81. Kf3 Rh5 82. Kf4 Rh1 83. Kf5 Rf1+ 84. Kg6 Rg1+ 85. Kh7 Rg5 86. Rg6 Rxe5
87. Kg7 Rf5 88. h7 Rf7+ 89. Kh6 Rf8 90. Rg8 Rf6+ 91. Kg5 1-0

[Event "USCL New Jersey vs Los Angeles"]
[Site "Chess.com"]
[Date "2013.09.18"]
[Round "4"]
[White "Korba, Nicky"]
[Black "Manuelian, Haik der"]
[Result "1-0"]
[WhiteElo "2160"]
[BlackElo "2032"]
[PlyCount "105"]
[EventDate "2013.??.??"]
[EventCountry "USA"]

{Board 4, Korba (Los Angeles Vibe) vs. Manuelian (New Jersey Knockouts)  Time
Control: Game in 60 with 30 second increment} 1. d4 d5 2. c4 c6 3. cxd5 cxd5 4.
Nf3 Nf6 5. Nc3 Nc6 6. Bf4 Bf5 7. e3 e6 8. Rc1 a6 9. Qb3 Bb4 10. Ne5 Ne4 11.
Nxc6 Bxc3+ 12. Qxc3 Nxc3 13. Nxd8 Nxa2 14. e4 Bxe4 15. Nxb7 Nxc1 16. Bxc1 Ke7
17. Nc5 Rhc8 18. Bd2 Rab8 19. f3 Bg6 20. b4 e5 21. Bxa6 exd4 22. Bxc8 Rxc8 23.
O-O Kd6 24. Ra1 Rxc5 25. bxc5+ Kxc5 26. Kf2 Kc4 27. Ke1 h5 28. Rc1+ Kd3 29. Rc5
h4 30. Rxd5 h3 31. g4 f5 32. gxf5 Bh5 33. f6 Bf7 34. Rd7 Be6 35. Rxg7 Kc2 36.
f7 Bxf7 37. Rxf7 Kd3 38. Rh7 Kc2 39. f4 d3 40. f5 Kb3 41. f6 Kc4 42. f7 Kd4 43.
f8=Q Ke4 44. Rxh3 Kd5 45. Rxd3+ Kc4 46. h4 Kxd3 47. h5 Kc2 48. h6 Kd3 49. h7
Kc2 50. h8=N Kd3 51. Qf3+ Kd4 52. Qe3+ Kd5 53. Bc3 1-0

[Event "USCL Manhattan vs Arizona"]
[Site "Chess.com"]
[Date "2013.09.18"]
[Round "4"]
[White "Hungaski, Robert"]
[Black "Molner, Mackenzie"]
[Result "1/2-1/2"]
[WhiteElo "2541"]
[BlackElo "2592"]
[PlyCount "61"]
[EventDate "2013.??.??"]
[EventCountry "USA"]

{Board 1, Hungaski (Manhattan Applesauce) vs. Molner (Arizona Scorpions)  Time
Control: Game in 60 with 30 second increment} 1. e4 c5 2. Nf3 d6 3. d4 cxd4 4.
Nxd4 Nf6 5. Nc3 a6 6. Be2 e5 7. Nb3 Be7 8. O-O O-O 9. Re1 Be6 10. Bf3 Nbd7 11.
a4 Rc8 12. a5 Re8 13. h3 h6 14. Be3 Qc7 15. Nc1 b6 16. axb6 Nxb6 17. Nd3 Qb7
18. Bxb6 Qxb6 19. Qd2 Qb7 20. Ra4 Rc4 21. Rxc4 Bxc4 22. b3 Be6 23. Na4 Rc8 24.
Re2 Bd7 25. Nab2 Bc6 26. Qe1 Qa7 27. Qa5 Bd8 28. Qa3 Be7 29. Qa5 Bd8 30. Qa3
Be7 31. Qa5 1/2-1/2

[Event "USCL Manhattan vs Arizona"]
[Site "Chess.com"]
[Date "2013.09.18"]
[Round "4"]
[White "Mateer, Amanda"]
[Black "Ashmun, Frank"]
[Result "1-0"]
[WhiteElo "2113"]
[BlackElo "2105"]
[PlyCount "87"]
[EventDate "2013.??.??"]
[EventCountry "USA"]

{Board 4, Mateer (Arizona Scorpions) vs. Ashmun (Manhattan Applesauce)  Time
Control: Game in 60 with 30 second increment} 1. d4 Nf6 2. c4 e6 3. Nf3 b6 4.
g3 Ba6 5. Qc2 c5 6. Bg2 Nc6 7. dxc5 Bxc5 8. O-O O-O 9. Qa4 Bb7 10. Nc3 Qc8 11.
Bg5 Be7 12. Rfd1 Rd8 13. Rac1 h6 14. Bf4 Na5 15. Nb5 Bc6 16. Nfd4 Bxg2 17. Kxg2
d6 18. Bd2 Nc6 19. Kg1 Ne4 20. Be3 Ne5 21. Qc2 Qb7 22. f3 Nf6 23. Bf4 a6 24.
Na3 Ng6 25. Nxe6 Qd7 26. Nd4 Nxf4 27. gxf4 Qh3 28. Qf5 Qh4 29. e3 g6 30. Qd3
Re8 31. Nac2 Nd7 32. Nc6 Bf8 33. Rd2 Rac8 34. N6b4 Qh5 35. Nd4 Nc5 36. Qe2 Bg7
37. Nd5 Ne6 38. Nxe6 Rxe6 39. Nxb6 Rb8 40. Nd5 Kh7 41. b4 f5 42. a4 g5 43. Kh1
Qe8 44. Nc7 1-0

[Event "USCL Manhattan vs Arizona"]
[Site "Chess.com"]
[Date "2013.09.18"]
[Round "4"]
[White "Goldenberg, Ryan"]
[Black "Adamson, Robby"]
[Result "1-0"]
[WhiteElo "2348"]
[BlackElo "2369"]
[PlyCount "69"]
[EventDate "2013.??.??"]
[EventCountry "USA"]

{Board 3, Goldenberg (Manhattan Applesauce) vs. Adamson (Arizona Scorpions) 
Time Control: Game in 60 with 30 second increment} 1. e4 c5 2. Nf3 d6 3. d4
cxd4 4. Nxd4 Nf6 5. Nc3 a6 6. Be3 e6 7. f3 Be7 8. Qd2 O-O 9. O-O-O Nc6 10. g4
Nxd4 11. Bxd4 b5 12. Kb1 Bb7 13. g5 Nd7 14. Rg1 Rc8 15. a3 Ne5 16. Qf2 Qc7 17.
f4 Nc6 18. Bb6 Qb8 19. Rg3 b4 20. axb4 Nxb4 21. Rh3 g6 22. Be2 f6 23. gxf6 Bxf6
24. e5 dxe5 25. Rd7 Rxc3 26. bxc3 Nd5 27. Ba7 Qc8 28. Rhxh7 Nxc3+ 29. Kc1 exf4
30. Bg4 Na2+ 31. Kd1 Bd5 32. Bd4 Nc3+ 33. Ke1 Ne4 34. Rdg7+ Bxg7 35. Rxg7+ 1-0

[Event "USCL New England vs Carolina"]
[Site "Chess.com"]
[Date "2013.09.18"]
[Round "4"]
[White "Ivanov, Alexander"]
[Black "Garcia, Diego"]
[Result "1-0"]
[WhiteElo "2624"]
[BlackElo "2264"]
[PlyCount "95"]
[EventDate "2013.??.??"]
[EventCountry "USA"]

{Board 1, GM Ivanov (New England Nor'easters) vs. NM Garcia (Carolina Cobras) 
Time Control: Game in 75 with 30 second increment} 1. e4 c5 2. Nf3 d6 3. d4
cxd4 4. Nxd4 Nf6 5. Nc3 a6 6. h3 e6 7. g4 b5 8. Bg2 Bb7 9. O-O Qc7 10. g5 Nfd7
11. f4 Nc6 12. Kh1 Nxd4 13. Qxd4 Qc5 14. Qd3 Rc8 15. a3 Qc4 16. Qe3 Be7 17. Bd2
O-O 18. f5 Rfe8 19. f6 Bf8 20. Qg3 Ne5 21. Rad1 a5 22. Be3 b4 23. Rd4 Qa6 24.
axb4 axb4 25. Rxb4 Nc4 26. Ra4 Qc6 27. Bc1 Nb6 28. Rd4 d5 29. exd5 Nxd5 30.
Nxd5 exd5 31. c3 Qb5 32. fxg7 Bxg7 33. Rb4 Qd7 34. Qd3 Rc7 35. Rh4 Re4 36. Bxe4
dxe4 37. Qxd7 Rxd7 38. Kg1 Rd3 39. Re1 Bf8 40. Be3 Bd6 41. Kf2 Rd5 42. Rh6 Rf5+
43. Kg2 Bc5 44. Rf6 Rd5 45. h4 Bf8 46. Rb6 Rd7 47. Ra1 Bd5 48. Rd1 1-0

[Event "USCL New England vs Carolina"]
[Site "Chess.com"]
[Date "2013.09.18"]
[Round "4"]
[White "Liu, Andrew"]
[Black "Jones, Craig"]
[Result "1-0"]
[WhiteElo "2296"]
[BlackElo "2251"]
[PlyCount "179"]
[EventDate "2013.??.??"]
[EventCountry "USA"]

{Board 3, NM Liu (New England Nor'easters) vs. NM Jones (Carolina Cobras) 
Time Control: Game in 75 with 30 second increment} 1. d4 Nf6 2. c4 e6 3. Nc3
Bb4 4. f3 c5 5. d5 O-O 6. e4 Re8 7. Nge2 exd5 8. cxd5 d6 9. a3 Bxc3+ 10. Nxc3
Nh5 11. g3 f5 12. Bg2 fxe4 13. fxe4 Nf6 14. O-O Bg4 15. Qb3 Nbd7 16. Qxb7 c4
17. Be3 Bh5 18. Qa6 Qb8 19. Rab1 Ne5 20. Bd4 Nfd7 21. Qa4 Qd8 22. Qc2 a6 23.
Na2 Qg5 24. Rf5 Qg4 25. Nc3 Rf8 26. Rbf1 Bg6 27. R5f4 Qg5 28. Ne2 Rfe8 29. h4
Qe7 30. Nc3 Rab8 31. Rb1 Nd3 32. Rff1 N7c5 33. Bxc5 Nxc5 34. Rf4 Qe5 35. Kh2
Re7 36. Bf1 Qd4 37. Rd1 Qe3 38. Qd2 Qxd2+ 39. Rxd2 Nd3 40. Bxd3 cxd3 41. Kg2 a5
42. Kf3 Reb7 43. Nd1 Bh5+ 44. g4 Be8 45. Ke3 Ba4 46. Rff2 Bc2 47. Kd4 Rb3 48.
Ne3 Rxb2 49. Nxc2 dxc2 50. Rxc2 Rb1 51. e5 dxe5+ 52. Kxe5 Re8+ 53. Kd6 h5 54.
g5 Rb5 55. Rf5 g6 56. Re5 Rd8+ 57. Kc6 Rbxd5 58. Rxd5 Rc8+ 59. Kd7 Rxc2 60. Ke6
Rc4 61. Rxa5 Rxh4 62. Kf6 Rf4+ 63. Kxg6 h4 64. Rd5 h3 65. Rd3 h2 66. Rh3 Rf2
67. Kh6 Rf3 68. Rxh2 Rxa3 69. Rb2 Ra8 70. Rb6 Rc8 71. Kg6 Ra8 72. Kf6 Rc8 73.
g6 Ra8 74. Kg5 Rc8 75. Kh6 Ra8 76. Rb7 Rc8 77. Rf7 Ra8 78. Rg7+ Kh8 79. Rh7+
Kg8 80. Rf7 Rb8 81. Rf6 Ra8 82. Rf7 Rc8 83. Rg7+ Kh8 84. Rh7+ Kg8 85. Rf7 Ra8
86. Rg7+ Kh8 87. Rb7 Rc8 88. Rb6 Ra8 89. Rc6 Rc8 90. Rxc8# 1-0

[Event "USCL New England vs Carolina"]
[Site "Chess.com"]
[Date "2013.09.18"]
[Round "4"]
[White "Fernando, Oliver"]
[Black "Times, Lawyer"]
[Result "0-1"]
[WhiteElo "2201"]
[BlackElo "2261"]
[PlyCount "78"]
[EventDate "2013.??.??"]
[EventCountry "USA"]

{Board 4, NM Fernando (Carolina Cobras) vs. NM Times (New England Nor'easters)
Time Control: Game in 75 with 30 second increment} 1. e4 Nf6 2. d3 e5 3. Nf3
Nc6 4. g3 d5 5. Nbd2 Bc5 6. Bg2 O-O 7. O-O a5 8. a4 h6 9. exd5 Nxd5 10. Nc4 f6
11. Nh4 Be6 12. Kh1 Qd7 13. Ng6 Rfe8 14. Qh5 Nd4 15. Be3 Bg4 16. Qh4 Nf3 17.
Bxf3 Bxf3+ 18. Kg1 Nxe3 19. fxe3 Bd5 20. Rf2 Kh7 21. Raf1 Kxg6 22. Rxf6+ Kh7
23. R6f5 Bxc4 24. Qxc4 Bxe3+ 25. Kg2 Qc6+ 26. Qxc6 bxc6 27. Rf7 Bb6 28. h4 Rad8
29. Kf3 Rd4 30. b3 e4+ 31. dxe4 Rdxe4 32. h5 Re2 33. Rd7 R2e5 34. Kg4 Rg5+ 35.
Kh4 Re2 36. g4 Re4 37. Rf8 Rexg4+ 38. Kh3 Rg3+ 39. Kh2 Bg1+ 0-1

[Event "USCL Dallas vs Baltimore"]
[Site "Chess.com"]
[Date "2013.09.18"]
[Round "4"]
[White "Holt, Conrad"]
[Black "Huschenbeth"]
[Result "1-0"]
[WhiteElo "2639"]
[BlackElo "2610"]
[PlyCount "103"]
[EventDate "2013.??.??"]
[EventCountry "USA"]

{Board 1, GM Holt (Dallas Destiny) vs. GM Hushenbeth (Baltimore Kingfishers) 
Time Control: Game in 75 with 30 second increment  Due to a lineup change, on
Board Four Baltimore will begin with 84 minutes while Dallas will begin with
66.} 1. d4 d5 2. c4 c6 3. Nf3 e6 4. Nc3 dxc4 5. e3 b5 6. a4 Bb4 7. Bd2 a5 8.
axb5 Bxc3 9. Bxc3 cxb5 10. b3 Bb7 11. bxc4 b4 12. Bb2 Nf6 13. c5 O-O 14. Bb5
Ne4 15. O-O Qd5 16. Ne1 Nd6 17. Be2 Nc4 18. Bc1 Nc6 19. e4 Qxe4 20. Bxc4 Nxd4
21. Qd3 Qh4 22. Bb2 Rfd8 23. Qg3 Nf5 24. Qxh4 Nxh4 25. g3 Nf3+ 26. Nxf3 Bxf3
27. Bb3 Rd3 28. Ba4 f6 29. Rfc1 Kf7 30. Kf1 Ke7 31. Ke1 Kd8 32. Bb5 Rb3 33. Rc2
Bd5 34. Rd2 Kc7 35. Be2 Be4 36. f3 Bg6 37. Kf2 a4 38. Bc4 Rd8 39. Re2 Bd3 40.
Bxb3 Bxe2 41. Bxa4 Bc4 42. Ke1 Rd3 43. Bd1 Re3+ 44. Kd2 Rd3+ 45. Kc1 Kc6 46.
Be2 Rd5 47. Bxc4 Rxc5 48. Kc2 Rxc4+ 49. Kb3 Rc5 50. Rc1 Rxc1 51. Bxc1 Kd5 52.
Be3 1-0

[Event "USCL Dallas vs Baltimore"]
[Site "Chess.com"]
[Date "2013.09.18"]
[Round "4"]
[White "Li, Ruifeng"]
[Black "Defibaugh, Jared"]
[Result "0-1"]
[WhiteElo "2348"]
[BlackElo "2297"]
[PlyCount "112"]
[EventDate "2013.??.??"]
[EventCountry "USA"]

{Board 3, NM Li (Dallas Destiny) vs. NM Defibaugh (Baltimore Kingfishers) 
Time Control: Game in 75 with 30 second increment  Due to a lineup change, on
Board Four Baltimore will begin with 84 minutes while Dallas will begin with
66.} 1. e4 Nf6 2. e5 Nd5 3. d4 d6 4. Nf3 Nb6 5. Be2 g6 6. O-O Bg7 7. exd6 cxd6
8. c4 O-O 9. Nc3 Nc6 10. Be3 Bg4 11. b3 e5 12. dxe5 dxe5 13. Rc1 f5 14. Nd5 f4
15. Bc5 Re8 16. h3 Bxf3 17. Bxf3 e4 18. Be2 Qh4 19. f3 e3 20. Qe1 Qg5 21. Bxb6
axb6 22. a4 Rad8 23. Rd1 Nd4 24. Rxd4 Bxd4 25. Qd1 Bg7 26. Qd3 Re5 27. Rd1 Rde8
28. Nc3 Qf5 29. Qxf5 Rxf5 30. Ne4 Bf8 31. Kf1 Kg7 32. Nc3 Bc5 33. Bd3 Rf7 34.
Be4 g5 35. Ke2 Bb4 36. Nd5 Bd2 37. Nxb6 h5 38. Nd5 g4 39. hxg4 hxg4 40. Rh1
gxf3+ 41. gxf3 Rh8 42. Rxh8 Kxh8 43. b4 Kg7 44. c5 Kh6 45. b5 Kg5 46. Kd3 Ba5
47. Ke2 Rf8 48. Nxe3 fxe3 49. Bxb7 Kf4 50. b6 Rd8 51. Ba6 Rd2+ 52. Kf1 Kxf3 53.
Bb7+ Kg3 54. Ba6 Rf2+ 55. Kg1 e2 56. Bxe2 Rxe2 0-1

[Event "USCL Dallas vs Baltimore"]
[Site "Chess.com"]
[Date "2013.09.18"]
[Round "4"]
[White "Zimmer, Ralph"]
[Black "Chiang, Sarah"]
[Result "1/2-1/2"]
[WhiteElo "2244"]
[BlackElo "2213"]
[PlyCount "149"]
[EventDate "2013.??.??"]
[EventCountry "USA"]

{Board 4, FM Zimmer (Baltimore Kingfishers) vs. NM Chiang (Dallas Destiny) 
Time Control: Game in 75 with 30 second increment  Due to a lineup change, on
Board Four Baltimore will begin with 84 minutes while Dallas will begin with
66.} 1. c4 e6 2. g3 Nf6 3. Bg2 d5 4. Nf3 Be7 5. O-O O-O 6. Qc2 c5 7. d4 b6 8.
cxd5 exd5 9. Nc3 Bb7 10. Rd1 Nbd7 11. Bf4 Rc8 12. Rac1 Re8 13. Qf5 Nf8 14. Bg5
g6 15. Qh3 Ne6 16. Bh4 Ng7 17. e3 Rc7 18. Bh1 a6 19. Qf1 h6 20. Bxf6 Bxf6 21.
Rd2 Ne6 22. dxc5 bxc5 23. Ne2 Qa8 24. Bg2 d4 25. Ne1 Ng5 26. exd4 Bxg2 27. Qxg2
Qxg2+ 28. Kxg2 Rce7 29. Kf1 Ne4 30. Rdc2 cxd4 31. Nd3 Ng5 32. Nef4 Bg7 33. Rc8
Kh7 34. Rxe8 Rxe8 35. h4 Nf3 36. Kg2 Ne5 37. Re1 f6 38. Nc5 Rc8 39. Nfe6 a5 40.
Nxg7 Rxc5 41. Ne6 Rc4 42. Rd1 d3 43. Nf4 Rd4 44. b3 Rd6 45. f3 g5 46. hxg5 hxg5
47. Nh3 Rc6 48. f4 Rc2+ 49. Kf1 Ng4 50. Rxd3 Rh2 51. Ng1 Rf2+ 52. Ke1 Rxa2 53.
fxg5 Ra1+ 54. Rd1 Rxd1+ 55. Kxd1 fxg5 56. Kd2 Kg6 57. Kd3 Kf5 58. Kc4 Ne5+ 59.
Kb5 Kg4 60. Ne2 Kf3 61. Nd4+ Kxg3 62. Kxa5 Nd3 63. Kb5 g4 64. Kc4 Ne5+ 65. Kd5
Nd7 66. Kc6 Ne5+ 67. Kd5 Nd7 68. Kd6 Nf6 69. b4 Ne4+ 70. Kd5 Nc3+ 71. Kc4 Ne4
72. Kd5 Nc3+ 73. Kc4 Ne4 74. Kd5 Nc3+ 75. Kc4 1/2-1/2

[Event "USCL Miami vs Boston"]
[Site "Chess.com"]
[Date "2013.09.18"]
[Round "4"]
[White "Quesada, Yuniesky"]
[Black "Esserman, Marc"]
[Result "1-0"]
[WhiteElo "2686"]
[BlackElo "2569"]
[PlyCount "153"]
[EventDate "2013.??.??"]
[EventCountry "USA"]

{Board 1, GM Quesada (Miami Sharks) vs. IM Esserman (Boston Blitz)  Time
Control: Game in 75 with 30 second increment} 1. e4 c5 2. Nf3 d6 3. d4 cxd4 4.
Nxd4 Nf6 5. Nc3 a6 6. Be3 e6 7. f3 b5 8. Qd2 Nbd7 9. g4 b4 10. Nce2 h6 11.
O-O-O Qc7 12. Bg2 Ne5 13. b3 d5 14. exd5 Nxd5 15. f4 Nxg4 16. Bxd5 exd5 17. f5
Nf6 18. Bf4 Bd6 19. Rhg1 Bxf4 20. Nxf4 O-O 21. Nfe2 Kh7 22. Qxb4 Re8 23. Rg2
Qe5 24. Rdg1 Rg8 25. Rf1 a5 26. Qd2 Ba6 27. Qf4 Rae8 28. Qxe5 Rxe5 29. Rf3 Re4
30. c3 Rge8 31. Kd2 a4 32. Rfg3 Nh5 33. Rg4 axb3 34. axb3 Re3 35. Nf4 Nxf4 36.
Rxf4 Rd3+ 37. Kc2 Rc8 38. Rfg4 Rdxc3+ 39. Kb2 Rd3 40. Rxg7+ Kh8 41. R7g4 Rh3
42. f6 Bf1 43. Rf2 Bd3 44. Rg7 Rf8 45. Nc6 Re3 46. Rg4 Be4 47. Ne5 Bh7 48. Nc6
Rc8 49. Nd4 Rd3 50. Rh4 Rd1 51. Nf5 Bxf5 52. Rxf5 Kh7 53. Rf2 Rg1 54. Rd4 Rg5
55. b4 Rc6 56. Kb3 Kg6 57. h4 Rg1 58. Rxd5 Rxf6 59. h5+ Kg7 60. Rxf6 Kxf6 61.
b5 Rb1+ 62. Ka4 Ke6 63. Rc5 Ra1+ 64. Kb4 f5 65. Rc6+ Ke5 66. Rxh6 f4 67. Rh8 f3
68. Rf8 Ke4 69. b6 Ke3 70. h6 f2 71. h7 Rb1+ 72. Kc5 Rc1+ 73. Kd6 Rd1+ 74. Ke6
Rh1 75. b7 Rh6+ 76. Kd5 Rh5+ 77. Kc4 1-0

[Event "USCL Miami vs Boston"]
[Site "Chess.com"]
[Date "2013.09.18"]
[Round "4"]
[White "Sevian, Samuel"]
[Black "Becerra, Julio"]
[Result "1/2-1/2"]
[WhiteElo "2486"]
[BlackElo "2619"]
[PlyCount "55"]
[EventDate "2013.??.??"]
[EventCountry "USA"]

{Board 2, FM Sevian (Boston Blitz) vs. GM Becerra (Miami Sharks)  Time Control:
Game in 75 with 30 second increment} 1. e4 e5 2. Nf3 Nc6 3. Bb5 a6 4. Ba4 Nf6
5. O-O Nxe4 6. d4 b5 7. Bb3 d5 8. dxe5 Be6 9. Nbd2 Nc5 10. c3 d4 11. Ng5 Qxg5
12. Qf3 O-O-O 13. Bxe6+ fxe6 14. Qxc6 Qxe5 15. b4 Qd5 16. Qxd5 exd5 17. bxc5
dxc3 18. Nb3 d4 19. Ba3 Be7 20. Bb4 Bf6 21. a4 d3 22. axb5 d2 23. c6 Kb8 24.
Bc5 c2 25. Rxa6 d1=Q 26. Ba7+ Kc8 27. Bd4 Kb8 28. Ba7+ 1/2-1/2